[Event "TUR Cup"]
[Site "Antalya"]
[Date "2017.01.31"]
[Round "6"]
[White "Yildiz, Mehmet Burakhan"]
[Black "Doner, Mustafa"]
[Result "0-1"]
[WhiteElo "1785"]
[BlackElo "1885"]
[PlyCount "41"]
[EventDate "2017.01.28"]
[EventType "swiss"]
[EventRounds "11"]
[EventCountry "TUR"]
[SourceTitle "CBM 176 Extra"]
[Source "ChessBase"]
[SourceDate "2017.03.02"]
[SourceVersion "1"]
[SourceVersionDate "2017.03.02"]
[SourceQuality "1"]

1. e4 c5 2. b3 d6 3. Bb2 Nf6 4. Nc3 Nc6 5. Be2 g6 6. g4 Bg7 7. g5 Nxe4 8. h4 Bf5 9. Bg4 Nxc3 10. dxc3 Qa5 11. Bxf5 Bxc3+ 12. Bxc3 Qxc3+ 13. Kf1 gxf5 14. Rh3 Qd4 15. Qe1 0-0-0 16. c3 Qf4 17. Rd1 h6 18. Ne2 Qg4 19. Rhd3 f4 20. gxh6 Ne5 21. Rxd6 0-1

[Event "Malatya Golden Apricot op 4th"]
[Site "Malatya"]
[Date "2016.08.23"]
[Round "5"]
[White "Babayev, Talib"]
[Black "Doner, Mustafa"]
[Result "1-0"]
[WhiteElo "2301"]
[BlackElo "1860"]
[PlyCount "49"]
[EventDate "2016.08.21"]
[EventType "swiss"]
[EventRounds "9"]
[EventCountry "TUR"]
[SourceTitle "CBM 174 Extra"]
[Source "ChessBase"]
[SourceDate "2016.10.10"]
[SourceVersion "1"]
[SourceVersionDate "2016.10.10"]
[SourceQuality "1"]

1. e4 c5 2. f4 d5 3. exd5 Qxd5 4. Nc3 Qd8 5. Nf3 a6 6. Ne5 e6 7. Qf3 Nf6 8. b3 Be7 9. Bb2 Qc7 10. Bd3 Nbd7 11. 0-0-0 Nxe5 12. fxe5 Qxe5 13. Ne4 Qd5 14. Bxf6 gxf6 15. Nxf6+ Bxf6 16. Qxf6 Qd4 17. Rdf1 Qxf6 18. Rxf6 b6 19. Rhf1 Ra7 20. g4 h6 21. R1f3 Kf8 22. Bg6 Kg7 23. Bxf7 Rf8 24. Rg6+ Kh7 25. Rh3 1-0

[Event "OP-2014-0-03472"]
[Site "LSS email"]
[Date "2014.08.18"]
[Round "?"]
[White "Szczepanski, Zbigniew"]
[Black "Doner, Mustafa"]
[Result "1-0"]
[WhiteElo "2483"]
[BlackElo "1385"]
[PlyCount "31"]
[EventDate "2014.08.13"]
[EventType "tourn (corr)"]
[EventRounds "4"]
[EventCountry "GER"]
[SourceTitle "Corr 2015"]
[Source "ChessBase"]
[SourceDate "2015.07.17"]
[SourceVersion "1"]
[SourceVersionDate "2015.07.17"]
[SourceQuality "1"]

1. e4 d6 2. d4 e5 3. Nf3 Nf6 4. dxe5 Nxe4 5. Bc4 c6 6. 0-0 d5 7. Bb3 Be7 8. c4 dxc4 9. Qxd8+ Bxd8 10. Bxc4 0-0 11. Re1 Nc5 12. Be3 Be7 13. Nbd2 Bf5 14. Nd4 Bd3 15. e6 Bxc4 16. Nf5 1-0

[Event "LSS No Engine Cup 112 Preliminary 6"]
[Site "LSS email"]
[Date "2014.06.17"]
[Round "?"]
[White "Doner, Mustafa"]
[Black "Perez Garcia, Miguel"]
[Result "1/2-1/2"]
[WhiteElo "1385"]
[BlackElo "1360"]
[PlyCount "61"]
[EventDate "2014.06.18"]
[EventType "tourn (corr)"]
[EventRounds "6"]
[EventCountry "GER"]
[SourceTitle "Corr 2015"]
[Source "ChessBase"]
[SourceDate "2015.07.17"]
[SourceVersion "1"]
[SourceVersionDate "2015.07.17"]
[SourceQuality "1"]

1. d4 Nf6 2. Nf3 e6 3. c4 b6 4. a3 Bb7 5. Nc3 d5 6. Bg5 Be7 7. Bxf6 Bxf6 8. cxd5 exd5 9. e3 0-0 10. Bd3 c5 11. g4 c4 12. Bc2 Qd6 13. h4 Nd7 14. Qb1 h6 15. g5 Be7 16. Bh7+ Kh8 17. Bf5 Rad8 18. Nb5 Qc6 19. Nxa7 Qa4 20. Bxd7 Rxd7 21. gxh6 gxh6 22. Qf5 f6 23. Rg1 Rg8 24. Kd2 Bf8 25. Qxf6+ Bg7 26. Qxb6 Rf8 27. Rg3 Ba8 28. Rxg7 Rxg7 29. Qxh6+ Kg8 30. Qe6+ Kh8 31. Qh6+ 1/2-1/2

[Event "BI-2014-P-0006"]
[Site "LSS email"]
[Date "2014.04.19"]
[Round "?"]
[White "Sarakenidis, Nikolaos"]
[Black "Doner, Mustafa"]
[Result "1-0"]
[WhiteElo "2249"]
[BlackElo "1385"]
[PlyCount "95"]
[EventDate "2014.04.25"]
[EventType "tourn (corr)"]
[EventRounds "10"]
[EventCountry "GER"]
[SourceTitle "Corr 2015"]
[Source "ChessBase"]
[SourceDate "2015.07.17"]
[SourceVersion "1"]
[SourceVersionDate "2015.07.17"]
[SourceQuality "1"]

1. e4 c5 2. Nf3 d6 3. d4 cxd4 4. Nxd4 Nf6 5. Nc3 a6 6. f3 e5 7. Nb3 Be6 8. Be3 Be7 9. Qd2 0-0 10. 0-0-0 Nbd7 11. g4 b5 12. g5 b4 13. Ne2 Ne8 14. f4 a5 15. f5 a4 16. fxe6 axb3 17. cxb3 fxe6 18. Bh3 Rxa2 19. Bxe6+ Kh8 20. Ng3 Nc7 21. Bc4 Qa8 22. Rhf1 Rxf1 23. Rxf1 Ra1+ 24. Kc2 Rxf1 25. Bxf1 d5 26. Qf2 Qc6+ 27. Kb1 d4 28. Bd2 Nb6 29. h4 Qe6 30. Nf5 Bc5 31. Qg3 Nd7 32. h5 Qc6 33. Bd3 Ne8 34. Qg4 Bf8 35. Qf3 Bc5 36. g6 Ndf6 37. gxh7 Kxh7 38. Qg3 Nxe4 39. Qg6+ Qxg6 40. hxg6+ Kxg6 41. Ng3 Kf7 42. Nxe4 Be7 43. Kc2 Ke6 44. Ba6 Nc7 45. Bc8+ Kd5 46. Bb7+ Ke6 47. Kd3 Ne8 48. Kc4 1-0

[Event "LSS No Engine Cup 108 Preliminary 3"]
[Site "LSS email"]
[Date "2014.04.10"]
[Round "?"]
[White "Markoja, Johann"]
[Black "Doner, Mustafa"]
[Result "1/2-1/2"]
[WhiteElo "1816"]
[BlackElo "1385"]
[PlyCount "57"]
[EventDate "2014.04.11"]
[EventType "tourn (corr)"]
[EventRounds "6"]
[EventCountry "GER"]
[SourceTitle "Corr 2015"]
[Source "ChessBase"]
[SourceDate "2015.07.17"]
[SourceVersion "1"]
[SourceVersionDate "2015.07.17"]
[SourceQuality "1"]

1. e4 c5 2. Nf3 d6 3. d4 cxd4 4. Nxd4 Nf6 5. Nc3 a6 6. Be3 e5 7. Nb3 Be6 8. f3 Be7 9. Qd2 0-0 10. 0-0-0 Nbd7 11. Kb1 b5 12. g4 b4 13. Ne2 a5 14. g5 Ne8 15. Ng3 a4 16. Nc1 Qb8 17. Nf5 Bd8 18. Nxd6 b3 19. Nf5 bxa2+ 20. Nxa2 g6 21. Nh6+ Kh8 22. h4 Be7 23. h5 Qb7 24. Bh3 Rb8 25. c3 Bxa2+ 26. Kxa2 Qb3+ 27. Kb1 Ba3 28. Qc2 Qxc2+ 29. Kxc2 1/2-1/2

[Event "RE-2013-0-00135"]
[Site "LSS email"]
[Date "2014.03.17"]
[Round "?"]
[White "Bieszk, Stanislaw"]
[Black "Doner, Mustafa"]
[Result "0-1"]
[WhiteElo "983"]
[BlackElo "1292"]
[PlyCount "42"]
[EventDate "2013.12.21"]
[EventType "tourn (corr)"]
[EventRounds "6"]
[EventCountry "GER"]
[SourceTitle "Telechess CBM 167"]
[Source "ChessBase"]
[SourceDate "2015.07.13"]
[SourceVersion "1"]
[SourceVersionDate "2015.07.13"]
[SourceQuality "1"]

1. c4 e5 2. a3 Nf6 3. d3 d5 4. cxd5 Nxd5 5. Nf3 f6 6. e4 Ne7 7. Be3 Nbc6 8. Be2 Bg4 9. 0-0 Qd7 10. Nbd2 Ng6 11. h3 Be6 12. Nb3 b6 13. d4 Bxb3 14. Qxb3 Nxd4 15. Bxd4 exd4 16. Rfd1 Bc5 17. Nxd4 Bxd4 18. Bg4 Qd6 19. Qb5+ Kf8 20. Rxd4 Qxd4 21. Rd1 Qc5 0-1